[Event "39th Olympiad Men"]
[Site "Khanty-Mansiysk RUS"]
[Date "2010.09.23"]
[Round "3"]
[White "Zhigalko,S"]
[Black "Galego,L"]
[Result "1-0"]
[WhiteElo "2640"]
[BlackElo "2500"]

1.e4 d5 2.exd5 Qxd5 3.Nc3 Qd6 4.d4 Nf6 5.Nf3 Bg4 6.h3 Bxf3 7.Qxf3 c6 8.Be3 e6
9.O-O-O Nbd7 10.Kb1 Qc7 11.g4 Bb4 12.g5 Nd5 13.Nxd5 cxd5 14.h4 a6 15.h5 Nb6
16.g6 hxg6 17.hxg6 Rxh1 18.Bf4 Qe7 19.Qxh1 O-O-O 20.a3 Bd6 21.Bxd6 Qxd6 22.gxf7 Rf8
23.Qh5 Qe7 24.Bh3 Rxf7 25.Re1 Rf6 26.Qe5 Qc7 27.Bxe6+ Kb8 28.Bxd5 Nxd5 29.Qxd5 Rxf2
30.Re8+ Ka7 31.Qc5+ Qxc5 32.dxc5 Rf7 33.b4 a5 34.b5 Rf5 35.Rc8 b6 36.Kb2 bxc5
37.Kb3 Kb6 38.c4 g5 39.Rc6+ Kb7 40.Rg6 Rf3+ 41.Ka4 Rg3 42.Rc6 g4 43.Rxc5  1-0

[Event "39th Olympiad Women"]
[Site "Khanty-Mansiysk RUS"]
[Date "2010.09.23"]
[Round "3"]
[White "Elshereif,M"]
[Black "Ilhom,Mootribai"]
[Result "1-0"]
[WhiteElo "1766"]
[BlackElo "1639"]

1.e4 d5 2.exd5 Qxd5 3.Nc3 Qd8 4.d4 c6 5.Nf3 Bg4 6.Be3 Nf6 7.Bd3 e6 8.O-O Be7
9.Qe2 Nd5 10.Rad1 Qa5 11.Nxd5 Qxd5 12.c4 Bxf3 13.gxf3 Qd8 14.f4 O-O 15.f5 exf5
16.Bxf5 g6 17.Bc2 Bg5 18.f4 Bf6 19.Qg4 Re8 20.Rf3 Qb6 21.f5 Qxb2 22.Bb1 Qe2
23.Rd3 Qe1+ 24.Rf1 Qh4 25.Qxh4 Bxh4 26.fxg6 fxg6 27.Bh6 Nd7 28.Rdf3 Bf6 29.Rxf6 Nxf6
30.Rxf6 Re1+ 31.Rf1 Rae8 32.Bd3 Rxf1+ 33.Kxf1 Kf7 34.Bg5 Kg7 35.Kf2 h6 36.Bd2 g5
37.Kg3 Kf6 38.h4 Rg8 39.hxg5+ hxg5 40.Kg4 Rg7 41.d5 Rg8 42.dxc6 bxc6 43.Be3 a6
44.Be4 Ke5 45.Bxc6 a5 46.Bd5 Rb8 47.Bd2 a4 48.Kxg5 Rb1 49.Bc3+ Kd6 50.Kf5 Kc5
51.Ke5 a3 52.Bd4+ Kb4 53.Kd6 Rc1 54.c5 Kb5 55.c6  1-0

[Event "39th Olympiad Women"]
[Site "Khanty-Mansiysk RUS"]
[Date "2010.09.23"]
[Round "3"]
[White "Vasquez Ramirez,R"]
[Black "Lopang,T"]
[Result "1/2-1/2"]
[WhiteElo "2227"]
[BlackElo "1932"]

1.e4 d5 2.exd5 Qxd5 3.Nc3 Qd8 4.d4 Nf6 5.Nf3 Bg4 6.h3 Bh5 7.g4 Bg6 8.Bg2 Ne4
9.Ne5 Nxc3 10.bxc3 c6 11.h4 f6 12.Nxg6 hxg6 13.Qd3 Kf7 14.Be4 e6 15.Bxg6+ Kg8
16.Bf4 Bd6 17.Qe4 Qe7 18.h5 Nd7 19.h6 Bxf4 20.h7+ Kf8 21.Qxf4 e5 22.Qe3 exd4
23.cxd4 Nb6 24.O-O Qxe3 25.fxe3 Nd5 26.Rf3 Ne7 27.Bd3 Kf7 28.g5 f5 29.Rb1 Rab8
30.e4 Rxh7 31.exf5 Rh4 32.g6+ Kf6 33.Re1 Rg4+ 34.Kf1 Nd5 35.c4 Nf4 36.Re6+ Kg5
37.Re5 Nxd3 38.Rxd3 Rf4+ 39.Kg2 Rxf5 40.Re7 Kf6 41.Rc7 Rg5+ 42.Kf3 Rxg6 43.Rb3 Rh8
44.Rbxb7 Rh3+ 45.Kf2 Rh2+ 46.Kf3 Rh3+  1/2-1/2

[Event "EYCC Girls U16"]
[Site "Batumi GEO"]
[Date "2010.09.24"]
[Round "6"]
[White "Jalabadze,N"]
[Black "Foisor,M"]
[Result "1-0"]
[WhiteElo "2043"]
[BlackElo "2210"]

1.e4 d5 2.exd5 Qxd5 3.Nc3 Qd6 4.d4 Nf6 5.Nf3 g6 6.Be3 Bg7 7.Qd2 O-O 8.O-O-O a6
9.Ne5 b5 10.h4 c5 11.h5 cxd4 12.Bxd4 Nxh5 13.Qe3 f6 14.Nd3 Nc6 15.Bc5 Qe6
16.Qxe6+ Bxe6 17.Re1 Bc4 18.g4 Bxd3 19.Bxd3 Nf4 20.Be4 Rac8 21.Nd5 Nxd5 22.Bxd5+ Kh8
23.Bxe7 Nxe7 24.Rxe7 Rfe8 25.Rxe8+ Rxe8 26.Bf7 Re2 27.Bxg6 Rxf2 28.Bxh7 Bf8
29.Bf5+ Kg8 30.Bc8 a5 31.Rh5 b4 32.Be6+ Kg7 33.Rxa5 Bd6 34.a3 bxa3 35.bxa3 Rf1+
36.Kb2 Be5+ 37.c3 Rf3 38.Rc5 Kf8 39.a4 Ke7 40.Rc6 Rf1 41.Bf5 Rf4 42.a5 Ra4
43.a6 Ra5 44.Kb3 Bd6 45.Bc8 Bc5 46.Kc4 Bf2 47.Kb4 Ra1 48.Bb7 Rb1+ 49.Kc4 Ra1
50.Kd5 Ra5+ 51.Ke4 Ra4+ 52.c4 Ra5 53.Rc7+ Kd6 54.Rf7 Bh4 55.Bc8 Rc5 56.Rd7+ Kc6
57.a7 Rxc4+ 58.Kd3 Ra4 59.Rh7 Ra3+ 60.Kc2 Kd6 61.Rxh4 Rxa7 62.Kd3 Ra4 63.Rh5 Ra8
64.Bf5 Ra4 65.Ke3 Rb4 66.Be4 Ke6 67.Kf4 Rd4 68.Ra5 Rd1 69.Ra6+ Kf7 70.Ra7+ Kf8
71.Kf5 Rf1+ 72.Kg6 Rg1 73.Kxf6  1-0

[Event "39th Olympiad Women"]
[Site "Khanty-Mansiysk RUS"]
[Date "2010.09.24"]
[Round "4"]
[White "Horn,E"]
[Black "Papadopoulou,V"]
[Result "1-0"]
[WhiteElo "2012"]
[BlackElo "2241"]

1.e4 d5 2.exd5 Qxd5 3.Nc3 Qd6 4.d4 Nf6 5.Nf3 c6 6.Ne5 Nbd7 7.Bf4 Nd5 8.Ne4 Qc7
9.Bg3 Nxe5 10.Bxe5 Qa5+ 11.c3 Nf6 12.Nc5 Qd8 13.Bd3 g6 14.Qc2 Bg7 15.O-O-O O-O
16.h4 h5 17.f3 b6 18.Nb3 Nd5 19.g4 Ne3 20.Qd2 Nxd1 21.Bxg7 Kxg7 22.gxh5 Qd6
23.Kxd1 Qf6 24.Be4 Bf5 25.Qe3 Bxe4 26.h6+ Kh7 27.fxe4 e5 28.h5 g5 29.Rg1 Kxh6
30.dxe5 Qf4 31.Qxf4 gxf4 32.Nd4 c5 33.Nf5+ Kxh5 34.Ke2 Rh8 35.Kf3 Rag8 36.Rh1+ Kg6
37.Ne7+ Kg7 38.Rg1+ Kf8 39.Rxg8+ Rxg8 40.Nxg8 Kxg8 41.Kxf4 Kf8 42.Kf5 Ke7
43.c4 a6 44.a4 a5 45.b3 Kd7 46.Kf6 Ke8 47.e6  1-0

[Event "39th Olympiad Women"]
[Site "Khanty-Mansiysk RUS"]
[Date "2010.09.24"]
[Round "4"]
[White "Moreno Garcia,E"]
[Black "Boric,E"]
[Result "1-0"]
[WhiteElo "2024"]
[BlackElo "2286"]

1.e4 d5 2.exd5 Qxd5 3.Nc3 Qd6 4.d4 Nf6 5.Nf3 Bg4 6.g3 Nc6 7.Bg2 O-O-O 8.O-O Nxd4
9.Qxd4 Qxd4 10.Nxd4 Rxd4 11.Be3 Rd7 12.Bxa7 e6 13.a4 Bb4 14.a5 Bxc3 15.bxc3 Be2
16.Rfb1 Ba6 17.c4 Rd2 18.Bxb7+ Bxb7 19.a6 Bxa6 20.Rb8+ Kd7 21.Rxh8 Bxc4 22.c3 Bd5
23.Be3 Re2 24.Rd1 Kc6 25.c4 Bf3 26.Ra1 h5 27.Rf8 h4 28.Rxf7 hxg3 29.hxg3 e5
30.Rxg7 Ng4 31.Ra6+ Kb7 32.Ra7+ Kc6 33.Raxc7+ Kd6 34.Bc5+ Ke6 35.Rce7+ Kf5
36.Ref7+ Ke4 37.Rxf3 Kxf3 38.Rf7+ Ke4 39.f3+ Kd3 40.fxg4 Kxc4 41.Bf2 e4 42.Re7 Kd5
43.Kf1 Ra2 44.g5 Ra1+ 45.Kg2 Ra2 46.g6 Ra6 47.g7 Rg6 48.Rd7+ Ke6 49.Ra7 Kf5
50.Bd4 e3 51.Bxe3 Kg4 52.Ra4+ Kf5 53.Bd4 Kg4 54.Ba1+ Kh5 55.Ra8  1-0

[Event "39th Olympiad Men"]
[Site "Khanty-Mansiysk RUS"]
[Date "2010.09.27"]
[Round "6"]
[White "Antoniou,A"]
[Black "Baules,J"]
[Result "0-1"]
[WhiteElo "2172"]
[BlackElo "2335"]

1.e4 d5 2.exd5 Qxd5 3.Nc3 Qd6 4.d4 a6 5.Nf3 Nf6 6.h3 Bf5 7.Bd3 Bxd3 8.Qxd3 Nc6
9.O-O Rd8 10.Ne4 Nxe4 11.Qxe4 Qg6 12.Qxg6 hxg6 13.c3 e6 14.Bf4 Bd6 15.Bxd6 Rxd6
16.Rfe1 Rh5 17.Re4 a5 18.a4 Nb8 19.Ne5 Nd7 20.Nxd7 Kxd7 21.Kf1 c5 22.Ke2 cxd4
23.Rxd4 Rxd4 24.cxd4 Rd5 25.Ke3 Rd6 26.b4 axb4 27.Rb1 Rb6 28.Kd3 Kc6 29.Kc4 Ra6
30.Rxb4 Rxa4 31.Rxa4 b5+ 32.Kb4 bxa4 33.Kxa4 Kd5 34.Kb3 Kxd4 35.Kc2 e5 36.Kd2 e4
37.Ke2 f5 38.h4 f4 39.g3 fxg3 40.fxg3 e3 41.g4 Ke4 42.h5 g5  0-1

[Event "39th Olympiad Women"]
[Site "Khanty-Mansiysk RUS"]
[Date "2010.09.27"]
[Round "6"]
[White "Vilhete,V"]
[Black "Lopang,T"]
[Result "0-1"]
[WhiteElo "1723"]
[BlackElo "1932"]

1.e4 d5 2.exd5 Qxd5 3.Nc3 Qd8 4.d4 Nf6 5.Nf3 Bg4 6.Be2 h6 7.O-O e6 8.h3 Bf5
9.Bd3 Bxd3 10.Qxd3 Be7 11.Ne5 O-O 12.Ne2 Nbd7 13.Qf3 c6 14.Bf4 Nd5 15.Bg3 Rc8
16.Rad1 Nxe5 17.dxe5 Qb6 18.c4 Nb4 19.a3 Na6 20.b4 Rcd8 21.Nf4 Rxd1 22.Rxd1 Rd8
23.Rxd8+ Qxd8 24.Nh5 Qd4 25.Bf4 g5 26.Qg4 Kf8 27.Be3 Qxe5 28.Bxa7 Nxb4 29.axb4 Qa1+
30.Kh2 Qxa7 31.c5 Qb8+ 32.Kg1 Qe5 33.Qf3 Qe1+ 34.Kh2 Qxb4 35.Qg3 Qa5 36.Qe5 Ke8
37.Qb8+ Bd8 38.Qd6 Qc3 39.f3 Qb2 40.Kh1 Qa1+ 41.Kh2 Qb2 42.Kh1 Qa1+ 43.Kh2 Qh8
44.Kh1 Qf8 45.Qe5 Kd7 46.Qb8 Qh8 47.Qxb7+ Bc7 48.Qa7 Qe5 49.g3 Qe1+ 50.Kg2 Qe2+
51.Kg1 Qxf3 52.g4 Qe3+ 53.Kg2 Qe2+ 54.Kg1 Qh2+ 55.Kf1 Qxh3+ 56.Kf2 Qc3 57.Ke2 f5
58.gxf5 exf5  0-1

[Event "39th Olympiad Women"]
[Site "Khanty-Mansiysk RUS"]
[Date "2010.09.27"]
[Round "6"]
[White "Milliet,S"]
[Black "Nguyen Thu Giang"]
[Result "1-0"]
[WhiteElo "2388"]
[BlackElo "2108"]

1.e4 d5 2.exd5 Qxd5 3.Nc3 Qd6 4.d4 Nf6 5.Nf3 a6 6.g3 Bg4 7.h3 Bxf3 8.Qxf3 c6
9.Be3 e6 10.Bg2 Be7 11.O-O O-O 12.Rfd1 Nbd7 13.Ne4 Nxe4 14.Qxe4 Nf6 15.Qf3 Nd5
16.Bd2 Bf6 17.c4 Ne7 18.Bf4 Qb4 19.Qc3 Qb6 20.Bd6 Rfd8 21.c5 Qa7 22.Be4 Nd5
23.Bxd5 cxd5 24.b4 Rac8 25.Qd3 b6 26.a4 g6 27.Rab1 a5 28.cxb6 Qxb6 29.Bc5 Qc7
30.bxa5 Qxa5 31.Bb6 Qxa4 32.Bxd8 Rxd8 33.Rb7 Rc8 34.Qf3 Kg7 35.Kg2 Rc4 36.Re1 Qc6
37.Reb1 Rxd4 38.R1b6 Qc8 39.Qa3 Be5 40.Qe7 Qf8 41.Qxe6 Re4 42.Qxd5 Re1 43.Re6  1-0

[Event "39th Olympiad Women"]
[Site "Khanty-Mansiysk RUS"]
[Date "2010.09.28"]
[Round "7"]
[White "Otgonjargal,S"]
[Black "Narva,T"]
[Result "1-0"]
[WhiteElo "2143"]
[BlackElo "1929"]

1.e4 d5 2.exd5 Qxd5 3.Nc3 Qd6 4.d4 Nf6 5.Be2 a6 6.Nf3 Bg4 7.Be3 Nc6 8.Qd2 e6
9.O-O Be7 10.Rfd1 O-O-O 11.a3 Bxf3 12.Bxf3 g5 13.b4 g4 14.Be2 h5 15.b5 axb5
16.Nxb5 Qd7 17.c4 h4 18.Rab1 Rdg8 19.d5 Ne5 20.Qa5 Kd8 21.dxe6 Qxd1+ 22.Rxd1+ Nfd7
23.Qa8+  1-0

[Event "39th Olympiad Women"]
[Site "Khanty-Mansiysk RUS"]
[Date "2010.09.28"]
[Round "7"]
[White "Tokhirjanova,H"]
[Black "Velcheva,M"]
[Result "0-1"]
[WhiteElo "2147"]
[BlackElo "2272"]

1.e4 d5 2.exd5 Qxd5 3.Nc3 Qd6 4.d4 Nf6 5.Bd3 g6 6.Nge2 Bg7 7.Bf4 Qd8 8.Qd2 O-O
9.Bh6 Bxh6 10.Qxh6 Nc6 11.O-O-O Nb4 12.f3 c5 13.h4 cxd4 14.Be4 Nxe4 15.Nxe4 Qc7
16.Nxd4 f6 17.Qd2 Nc6 18.Nxc6 Qxc6 19.h5 g5 20.Rhe1 h6 21.g4 Be6 22.Nc5 Bf7
23.Nd7 Rfe8 24.Re3 Rac8 25.Rc3 Qe6 26.b3 Rc6 27.Nc5 Qc8 28.Ne4 Rxc3 29.Nxc3 Qc6
30.Qd3 a6 31.Ne2 Qc7 32.Qf5 Rd8 33.Rd4 Kg7 34.Qd3 Rxd4 35.Nxd4 e6 36.Qe4 Qf4+
37.Qxf4 gxf4 38.Kd2 f5 39.Kd3 Kf6 40.c3 fxg4 41.fxg4 e5 42.Nf3 Bd5 43.Nd2 Kg5
44.c4 Bc6 45.b4 e4+ 46.Kd4 e3 47.Kd3 Kh4 48.a3 Kg3 49.g5 hxg5 50.h6 Be8 51.Ke2 Bh5+
52.Ke1 Bg6 53.Kf1 Kh4 54.b5 axb5 55.cxb5 Kh5 56.b6 Kxh6  0-1

[Event "39th Olympiad Women"]
[Site "Khanty-Mansiysk RUS"]
[Date "2010.09.28"]
[Round "7"]
[White "Pogonina,N"]
[Black "Foisor,C"]
[Result "1/2-1/2"]
[WhiteElo "2491"]
[BlackElo "2395"]

1.e4 d5 2.exd5 Qxd5 3.Nc3 Qd6 4.d4 Nf6 5.Nf3 g6 6.Bc4 Bg7 7.O-O O-O 8.h3 a6
9.a4 Nbd7 10.Qe2 Nb6 11.Bb3 e6 12.Ne4 Nxe4 13.Qxe4 Nd5 14.c4 Ne7 15.Bf4 Qb6
16.Qc2 Nf5 17.c5 Qc6 18.Rad1 b6 19.Ne5 Bxe5 20.Bxe5 bxc5 21.Qxc5 Bb7 22.Qxc6 Bxc6
23.Bxc7 Rfc8 24.Be5 Ne7 25.Rc1 Nd5 26.Rc5 Bb7 27.Rfc1 Kf8 28.a5 Ke7 29.Ba4 f6
30.Bg3 g5 31.R1c4 h5 32.h4 g4 33.b4 Kf7 34.Kf1 Kg6 35.Bd7 Rxc5 36.bxc5 Kf7
37.Rc1 Ne7 38.c6 Bc8 39.Bc7 Nd5 40.Bb6 f5 41.g3 Nf6 42.Bxc8 Rxc8 43.Ke2 Nd5
44.Kd2 Ke8 45.Rc4 Ne7 46.Ke3 Nd5+ 47.Kd2 Ne7 48.Ke3 Nd5+ 49.Kd2  1/2-1/2

[Event "39th Olympiad Women"]
[Site "Khanty-Mansiysk RUS"]
[Date "2010.09.28"]
[Round "7"]
[White "Vilhete,V"]
[Black "Al Khelaifi,S"]
[Result "0-1"]
[WhiteElo "1723"]
[BlackElo "1736"]

1.e4 d5 2.exd5 Qxd5 3.Nc3 Qd6 4.d4 Nf6 5.Nf3 a6 6.Be2 Bg4 7.h3 Bh5 8.O-O Nc6
9.Be3 O-O-O 10.Ng5 Bg6 11.Bd3 h6 12.Bxg6 hxg5 13.Bf5+ e6 14.Bg4 Nxg4 15.Qxg4 f5
16.Qxg5 Be7 17.Qf4 Qxf4 18.Bxf4 Nxd4 19.Rae1 Rhe8 20.Ne2 Bf6 21.c3 Nxe2+
22.Rxe2 e5 23.Rfe1 e4 24.f3 Be5 25.Bxe5 Rxe5 26.fxe4 Rde8 27.Kf2 fxe4 28.Ke3 Rf8
29.Rd1 c5 30.Red2 Re7 31.Rd5 b6 32.b4 cxb4 33.cxb4 Kc7 34.Rc1+ Kb7 35.Rd4 b5
36.Rc5 Ref7 37.Rxe4 Rf2 38.Re7+ Kb8 39.Rxg7 Rxa2 40.Kd4 Rff2 41.Re5 Rfd2+
42.Kc5 Rac2+ 43.Kb6 Rd6+  0-1

[Event "39th Olympiad Women"]
[Site "Khanty-Mansiysk RUS"]
[Date "2010.09.29"]
[Round "8"]
[White "Elansary, Eman"]
[Black "Al Khelaifi,S"]
[Result "1-0"]
[WhiteElo "1836"]
[BlackElo "1736"]

1.e4 d5 2.exd5 Qxd5 3.Nc3 Qd6 4.Bc4 Nf6 5.Nf3 a6 6.a3 b5 7.Ba2 Bb7 8.d3 e6
9.h3 Be7 10.O-O O-O 11.Re1 Nbd7 12.Bg5 h6 13.Bh4 Nb6 14.Ne4 Qd8 15.Bxf6 Bxf6
16.Nxf6+ Qxf6 17.Ne5 Rad8 18.Rb1 Nd5 19.Ng4 Qg5 20.Qf3 Ba8 21.Qg3 Nf4 22.h4 Qg6
23.Qxf4 h5 24.Ne3 e5 25.Qg5 Qh7 26.Qxe5 Rde8 27.Qxc7 Qg6 28.Qg3 Qf6 29.Qg5 Qd4
30.c3 Qxd3 31.Nf5 g6 32.Rxe8 Rxe8 33.Ne3 Qe4 34.Rd1 Re5 35.Qf6  1-0

[Event "39th Olympiad Women"]
[Site "Khanty-Mansiysk RUS"]
[Date "2010.09.29"]
[Round "8"]
[White "De Rosa,M"]
[Black "Fridthjofsdottir,S"]
[Result "1-0"]
[WhiteElo "2073"]
[BlackElo "1812"]

1.e4 d5 2.exd5 Qxd5 3.Nc3 Qd6 4.d4 Nf6 5.Nf3 c6 6.g3 Bg4 7.Bg2 e6 8.O-O Be7
9.Bf4 Qd8 10.h3 Bh5 11.g4 Bg6 12.Qe2 O-O 13.Bg3 Nbd7 14.Rad1 Re8 15.Ne5 Rc8
16.Kh1 Nd5 17.Ne4 Bxe4 18.Qxe4 N7f6 19.Qf3 h6 20.c4 Nb6 21.Qb3 Rc7 22.a4 Nbd7
23.Nd3 Nf8 24.Bxc7 Qxc7 25.Ne5 N8h7 26.f4 Rd8 27.a5 Ne8 28.a6 bxa6 29.Nxc6 Rc8
30.Qa4 Bh4 31.Qxa6 Nd6 32.c5 Ne8 33.Qxa7 Qxa7 34.Nxa7 Rb8 35.Rb1 Nhf6 36.b4 Nc7
37.b5 Ncd5 38.b6 Ne3 39.Rfc1 Nxg2 40.Kxg2 Nd5 41.Kf3 Rb7 42.Nc6 Bf6 43.Na5 Rb8
44.Nc6 Ra8 45.Ra1 Rc8 46.b7  1-0

[Event "39th Olympiad Men"]
[Site "Khanty-Mansiysk RUS"]
[Date "2010.09.30"]
[Round "9"]
[White "Fernando,D"]
[Black "Kurajica,B"]
[Result "1/2-1/2"]
[WhiteElo "2475"]
[BlackElo "2535"]

1.e4 d5 2.exd5 Qxd5 3.Nc3 Qd6 4.d4 Nf6 5.Nf3 g6 6.g3 Bg7 7.Bg2 Qa6 8.Bf4 c6
9.Ne5 O-O 10.a4 Be6 11.a5 Rd8 12.Qf3 Nd5 13.Ne2 Nd7 14.O-O Nxe5 15.Bxe5 f6
16.Bf4 Nb4 17.Qc3 Qc4 18.Rfc1 Qxc3 19.bxc3 Nd5 20.Bd2 Rac8 21.Rcb1 b5 22.axb6 axb6
23.Ra7 b5 24.Nc1 Bf5 25.Nd3 e5 26.dxe5 fxe5 27.Re1 Re8 28.Be4 Bxe4 29.Rxe4 Ra8
30.Rxa8 Rxa8 31.c4 Nf6 32.Re1 e4 33.Nc5 bxc4 34.Nxe4 Ra2 35.Nxf6+ Bxf6 36.Rc1 Be7
37.Bc3 Bg5 38.f4 Be7 39.Kf1 g5 40.Re1 Kf7 41.Re2 gxf4 42.gxf4 Ra8 43.Ke1 Bh4+
44.Kd2 Be7 45.Re4 Rg8 46.Re2 Bd6 47.Be5 Bxe5 48.fxe5 Rg4 49.Kc3 c5 50.e6+ Ke7
51.Re5 Rh4 52.Re2 h6 53.h3 Rxh3+ 54.Kxc4 Rh5 55.Kb5 Rg5 56.c4 h5 57.Re4 Rf5
58.Kc6 Rg5 59.Kb5 Rf5 60.Kc6  1/2-1/2

[Event "39th Olympiad Women"]
[Site "Khanty-Mansiysk RUS"]
[Date "2010.10.01"]
[Round "10"]
[White "Dedijer,M"]
[Black "Ilhom,Mootribai"]
[Result "1-0"]
[WhiteElo "1973"]
[BlackElo "1639"]

1.e4 d5 2.exd5 Qxd5 3.Nc3 Qd8 4.d4 c6 5.Bc4 Bf5 6.Nf3 Nf6 7.O-O e6 8.Re1 Be7
9.Bf4 O-O 10.Qe2 Bb4 11.a3 Bxc3 12.bxc3 Qa5 13.Bb3 Bg4 14.h3 Bh5 15.g4 Bg6
16.c4 h5 17.g5 Ne4 18.Ne5 Bf5 19.Qxh5 Qc3 20.Rad1 Qa5 21.Qf3 Nxg5 22.Bxg5 f6
23.Bd2 Qxa3 24.c5 Qa6 25.Nc4 b5 26.Nd6 Bh7 27.Bxe6+  1-0

[Event "39th Olympiad Women"]
[Site "Khanty-Mansiysk RUS"]
[Date "2010.10.01"]
[Round "10"]
[White "Fuchs,Ju"]
[Black "Narva,T"]
[Result "1-0"]
[WhiteElo "2237"]
[BlackElo "1929"]

1.e4 d5 2.exd5 Qxd5 3.Nc3 Qd6 4.d4 Nf6 5.Nf3 a6 6.Bc4 Bg4 7.h3 Bh5 8.g4 Bg6
9.Ne5 Nc6 10.Nxg6 hxg6 11.Be3 e6 12.Qf3 Qb4 13.Bb3 O-O-O 14.a3 Nxd4 15.Qxf6 Nxc2+
16.Bxc2 Qxb2 17.Qxd8+ Kxd8 18.Kd2 Bb4 19.axb4 Qxb4 20.Ra4 Qe7 21.Be4 c6 22.Bb6+ Kc8
23.Ke2 f5 24.Bg2 e5 25.Rd1 Qe6 26.Rb4 Re8 27.Kf1 Qe7 28.Rb2 Rh8 29.Rbd2 Re8
30.Na4 e4 31.Nc5 e3 32.fxe3 fxg4 33.Ne6 a5 34.Rd8+ Rxd8 35.Rxd8+ Qxd8 36.Nxd8 a4
37.Ne6 a3 38.Nc5 a2 39.Nb3 Kd7 40.hxg4 Ke6 41.Ke2 Kf6 42.Bd4+ Kf7 43.Kd3 g5
44.Kc4 g6 45.Kc5 Ke6 46.Be4 Kf7 47.Kd6 b5 48.Bxc6 Kf8 49.e4 b4 50.e5 a1=Q
51.Nxa1 b3 52.Nxb3 Kf7 53.e6+  1-0

[Event "21st Open"]
[Site "Goch GER"]
[Date "2010.10.03"]
[Round "7.38"]
[White "Esser,J"]
[Black "Bosboom,Harold"]
[Result "1/2-1/2"]
[WhiteElo "2106"]
[BlackElo "1896"]

1.e4 d5 2.exd5 Qxd5 3.Nc3 Qd6 4.d4 a6 5.Bc4 Nf6 6.Nge2 b5 7.Bd3 Bb7 8.Bf4 Qd8
9.f3 e6 10.Ng3 Bd6 11.Qd2 Nbd7 12.Nce4 Nxe4 13.Bxe4 Bxe4 14.fxe4 e5 15.dxe5 Bxe5
16.O-O-O O-O 17.Bxe5 Nxe5 18.Qf4 Ng6 19.Qf5 Qh4 20.Rd7 Qf4+ 21.Qxf4 Nxf4
22.Rxc7 Nxg2 23.Nf5 g6 24.Rg1 Nf4 25.Rg4 Ne6 26.Re7 Rae8 27.e5 Kh8 28.Rxe8 Rxe8
29.Nd6 Re7 30.a4 Nd8 31.axb5  1/2-1/2

[Event "39th Olympiad Men"]
[Site "Khanty-Mansiysk RUS"]
[Date "2010.10.03"]
[Round "11"]
[White "Nelis,JF"]
[Black "Patriarca,L"]
[Result "0-1"]
[WhiteElo "2238"]
[BlackElo "2308"]

1.e4 d5 2.exd5 Qxd5 3.Nc3 Qd6 4.g3 Nf6 5.Bg2 Nc6 6.Nge2 Bf5 7.d3 a6 8.Be3 e5
9.O-O O-O-O 10.b4 Nxb4 11.Qb1 Qd7 12.a3 Nbd5 13.Qb2 Bh3 14.Rfb1 b6 15.Bh1 Nxe3
16.fxe3 Bc5 17.Nd1 Ng4 18.d4 Qf5  0-1

[Event "39th Olympiad Women"]
[Site "Khanty-Mansiysk RUS"]
[Date "2010.10.03"]
[Round "11"]
[White "Al Jelda,F"]
[Black "Powell,Ly"]
[Result "1/2-1/2"]
[WhiteElo "1822"]
[BlackElo "1999"]

1.e4 d5 2.exd5 Qxd5 3.Nc3 Qd6 4.d4 Nf6 5.h3 a6 6.Nf3 b5 7.a3 Bb7 8.Be2 Nbd7
9.Be3 e6 10.Qd2 Be7 11.O-O O-O 12.Rfd1 Rfd8 13.Bf4 Qb6 14.Qe1 Bd6 15.Bxd6 cxd6
16.Nh2 Rac8 17.Bf3 Bxf3 18.Nxf3 Qc6 19.Rac1 Nb6 20.Nd2 d5 21.Nf3 Nfd7 22.Nb1 Na4
23.b3 Nc3 24.Nxc3 Qxc3 25.Qxc3 Rxc3 26.Rd3 Rdc8 27.Rxc3 Rxc3 28.Kf1 f6 29.Ke1 Kf7
30.Kd2 Rc7 31.Re1 Nb6 32.Re3 a5 33.Rc3 Rxc3 34.Kxc3 Ke7 35.Ne1 Kd6 36.Nd3 Nd7
37.f4 e5 38.fxe5+ fxe5 39.dxe5+ Nxe5 40.Nc1 Ng6 41.Ne2 Nh4 42.Nd4 Nxg2 43.Nf5+ Ke5
44.Nxg7 d4+ 45.Kd2 Nf4 46.Ne8 Nxh3 47.Nc7 Nf4 48.Nxb5 h5 49.c3 dxc3+ 50.Nxc3 h4
51.Nd1 Kd4 52.Ne3 h3 53.Ng4 Nd5 54.Nh2 Ke4 55.b4 Nxb4 56.axb4 axb4 57.Kc2 Kf4
58.Kb3 Kg3 59.Nf1+ Kf2 60.Nh2 Kg2 61.Ng4 Kg3 62.Ne3 Kf2 63.Ng4+ Kf3 64.Nh2+ Kg3
65.Nf1+ Kg2 66.Ne3+ Kg1 67.Ng4 Kg2  1/2-1/2

[Event "39th Olympiad Women"]
[Site "Khanty-Mansiysk RUS"]
[Date "2010.10.03"]
[Round "11"]
[White "Makropoulou,M"]
[Black "Brunello,M"]
[Result "1-0"]
[WhiteElo "2230"]
[BlackElo "2212"]

1.e4 d5 2.exd5 Qxd5 3.Nc3 Qd6 4.d4 g6 5.Bd3 Bg7 6.Nge2 Nf6 7.Bf4 Qb6 8.O-O O-O
9.Na4 Qa5 10.c4 c6 11.Nc5 Nbd7 12.Nb3 Qd8 13.Qd2 Re8 14.Bc2 Nb6 15.Bd3 Nbd7
16.Rad1 e5 17.Bg5 Qc7 18.h3 Nh5 19.Rfe1 a6 20.Nc3 b6 21.d5 Bb7 22.Be4 Nhf6
23.d6 Nxe4 24.dxc7 Nxd2 25.Rxd2 Nf8 26.Ne4 Ne6 27.Be3 Re7 28.Bxb6 Nxc7 29.Bc5 Ree8
30.Rd7 Rac8 31.Nd6 Ba8 32.Rxc7  1-0

[Event "FSGM October"]
[Site "Budapest HUN"]
[Date "2010.10.04"]
[Round "3"]
[White "Antal,Ge"]
[Black "Czebe,A"]
[Result "1-0"]
[WhiteElo "2526"]
[BlackElo "2479"]

1.e4 d5 2.exd5 Qxd5 3.Nc3 Qd6 4.d4 Nf6 5.Nf3 g6 6.Bc4 Bg7 7.O-O O-O 8.Ne5 c6
9.Bf4 Nh5 10.Be3 Nd7 11.Ne4 Qc7 12.Nxf7 Nb6 13.Nh6+ Kh8 14.Bb3 Nd5 15.Bg5 Nhf6
16.Ng3 e5 17.c4 Nf4 18.Qd2 Ng4 19.Nxg4 Bxg4 20.h3 Be6 21.d5 cxd5 22.cxd5 Qd7
23.Ne4 Bf5 24.f3 h6 25.Bh4 g5 26.Bf2 Nxg2 27.Nc5 Qc8 28.Kxg2 Bxh3+ 29.Kg1 Rxf3
30.Ne6 Qd7 31.Be3 Bxf1 32.Rxf1 Rg3+ 33.Kh1 Qe8 34.Bg1 Qh5+ 35.Bh2 Rf3 36.Rxf3 Qxf3+
37.Qg2 Qe3 38.Bg3 e4 39.d6 Qc1+ 40.Kh2 Qxb2 41.Bc2  1-0

[Event "Tatry Open"]
[Site "Tatranske Zruby CZE"]
[Date "2010.10.04"]
[Round "3"]
[White "Mikulas,D"]
[Black "Orosi,P"]
[Result "1-0"]
[WhiteElo "2122"]
[BlackElo "2004"]

1.e4 d5 2.exd5 Qxd5 3.Nc3 Qd6 4.d4 Nf6 5.Nf3 a6 6.Bg5 b5 7.a3 Nbd7 8.Qd2 e6
9.Bf4 Qb6 10.Be2 Bb7 11.O-O Bd6 12.Rad1 O-O 13.h3 Rfd8 14.Bxd6 cxd6 15.Nh2 Rac8
16.Bf3 Bxf3 17.Nxf3 b4 18.axb4 Qxb4 19.Rb1 Nb6 20.Qd3 Nc4 21.Nd1 a5 22.b3 Na3
23.c3 Qb7 24.Rb2 Nb5 25.Ra2 Qb6 26.c4 Na7 27.Ne3 Rb8 28.Rb1 Nc6 29.Nc2 Rd7
30.Ra4 Rdb7 31.Nd2 Qd8 32.Rba1 d5 33.c5 Qc7 34.Re1 Nd7 35.Qf3 Nf6 36.g4 e5
37.g5 Ne4 38.Nxe4 Rxb3 39.Nc3 Nxd4 40.Nxd4 exd4 41.Nxd5 Rxf3 42.Nxc7  1-0

[Event "Tatry Open"]
[Site "Tatranske Zruby CZE"]
[Date "2010.10.05"]
[Round "5"]
[White "Janousek,P"]
[Black "Orosi,P"]
[Result "1/2-1/2"]
[WhiteElo "2176"]
[BlackElo "2004"]

1.e4 d5 2.exd5 Qxd5 3.Nc3 Qd6 4.Nf3 Nf6 5.d4 a6 6.Be2 Nbd7 7.O-O b5 8.h3 Bb7
9.a3 e6 10.Be3 Be7 11.Qd2 O-O 12.Rad1 Rfd8 13.Rfe1 c5 14.dxc5 Qc6 15.Bf1 Nxc5
16.Nd4 Qc7 17.Bf4 Qb6 18.Qe2 Rac8 19.Nb3 Nxb3 20.Rxd8+ Rxd8 21.cxb3 b4 22.Na4 Qd4
23.Be3 Qe5 24.Bc5 Qxe2 25.Bxe2 Kf8 26.Bxe7+ Kxe7 27.Nc5 Bc8 28.axb4 Nd5 29.Bxa6 Nxb4
30.Bc4 Bd7 31.Ra1 Bc6 32.Ra7+ Kf6 33.Na6 Rd1+ 34.Kh2 Nd5 35.Kg3 Rd2  1/2-1/2

[Event "Tatry Open"]
[Site "Tatranske Zruby CZE"]
[Date "2010.10.07"]
[Round "7"]
[White "Endresz,Pavol"]
[Black "Orosi,P"]
[Result "0-1"]
[WhiteElo "1867"]
[BlackElo "2004"]

1.e4 d5 2.exd5 Qxd5 3.Nc3 Qd6 4.d4 Nf6 5.Nf3 a6 6.g3 b5 7.a3 Bb7 8.Bg2 e6
9.O-O Nbd7 10.Re1 Be7 11.Bf4 Qb6 12.a4 O-O 13.a5 Qa7 14.Qe2 Bd6 15.Be3 c5
16.Rad1 Rac8 17.Ng5 Bxg2 18.Kxg2 Qb7+ 19.Kg1 h6 20.dxc5 Bxc5 21.Bxc5 Nxc5
22.Nf3 b4 23.Na2 Nd5 24.c4 bxc3 25.bxc3 Qc7 26.c4 Nf6 27.Qc2 Qxa5 28.Nc3 Rfd8
29.Ne5 Qc7 30.f4 Rxd1 31.Rxd1 Rd8 32.Rxd8+ Qxd8 33.Na4 Qd4+ 34.Kf1 Qa1+ 35.Kg2 Qxa4
36.Qb2 Qb3 37.Qd2 Qb7+ 38.Kg1 Qb8 39.Qd4 Nfe4 40.Qd1 Qd6 41.Qh5 Qd4+ 42.Kh1 Qd1+  0-1

[Event "TCh-SWE Elitserien 2010-11"]
[Site "Sweden SWE"]
[Date "2010.10.08"]
[Round "1"]
[White "Von Bahr,O"]
[Black "De Verdier,M"]
[Result "1-0"]
[WhiteElo "2319"]
[BlackElo "2341"]

1.e4 d5 2.exd5 Qxd5 3.Nc3 Qd6 4.d4 Nf6 5.Nf3 a6 6.g3 Bg4 7.h3 Bh5 8.Bg2 Nc6
9.O-O O-O-O 10.Bf4 Qb4 11.g4 Bg6 12.a3 Qxb2 13.Qe1 Qxc2 14.Ne5 Nxe5 15.dxe5 Ne8
16.Qe3 c6 17.Rab1 Nc7 18.Qa7 Nb5 19.Nxb5 axb5 20.Rxb5  1-0

[Event "TCh-ISL Div 1 2010-11"]
[Site "Reykjavik ISL"]
[Date "2010.10.10"]
[Round "4.4"]
[White "Gretarsson,A"]
[Black "Valdimarsson,E"]
[Result "1-0"]
[WhiteElo "2324"]
[BlackElo "1824"]

1.e4 d5 2.exd5 Qxd5 3.Nc3 Qd8 4.Nf3 Nf6 5.Bc4 e6 6.d4 Be7 7.O-O O-O 8.Bb3 a6
9.a4 Nbd7 10.Re1 Nb6 11.Qd3 Nbd5 12.Ne2 c5 13.c3 Qc7 14.Ne5 cxd4 15.Nxd4 Bd6
16.Ndf3 b6 17.Bg5 Bb7 18.Rad1 Be7 19.Bc2 Rfd8 20.Qe2 h6 21.Nxf7 hxg5 22.Qxe6 Bc8
23.Nh6+ Kh8 24.Qg8+  1-0

[Event "7th Lippe Cup"]
[Site "Lieme GER"]
[Date "2010.10.16"]
[Round "2"]
[White "Chapman,Al"]
[Black "Heinzel,O"]
[Result "0-1"]
[WhiteElo "2078"]
[BlackElo "2324"]

1.e4 d5 2.exd5 Qxd5 3.Nc3 Qd6 4.d4 Nf6 5.Nf3 c6 6.Ne5 Nbd7 7.Nc4 Qc7 8.Qf3 Nb6
9.Bf4 Qd8 10.Be5 g6 11.Nxb6 axb6 12.d5 Bd7 13.Bxf6 exf6 14.Ne4 f5 15.Qc3 Qe7
16.O-O-O fxe4 17.Qxh8 f6 18.Bc4 cxd5 19.Bxd5 O-O-O 20.Kb1 Bh6 21.Bg8 Bg7
22.Qxh7 f5 23.Rd4 Qf8 24.Rc4+ Kb8 25.Qxg6 Qxg8 26.Qd6+ Ka7 27.Qa3+ Kb8 28.Qg3+ Ka7
29.Qa3+ Kb8 30.Qd6+ Ka7 31.Rc7 Qe8 32.Qd5 Bc8 33.Qb3 Bd4 34.Qa3+ Kb8 35.Re7 Qg6
36.Rd1 Bc5 37.Rxd8 Bxa3 38.Ree8 b5 39.Rxc8+ Ka7 40.Rg8 Qd6 41.bxa3 Qd1+ 42.Kb2 Qd4+
43.Kb3 Qxf2 44.Kb4 Qd4+ 45.Kxb5 Qb2+ 46.Ka4 e3 47.Rge8 Qd4+ 48.c4 e2 49.Ra8+ Kb6
50.Re6+ Kc7 51.Kb3 Qd1+  0-1